| 000 | 00376nam a2200157Ia 4500 | ||
|---|---|---|---|
| 008 | 210716s2008 xx 000 0 und d | ||
| 020 | _a9788180522161 | ||
| 041 | _aeng | ||
| 082 | _a519.2 SINJ | ||
| 100 | _aSingh, J P. | ||
| 245 | _aProbability and numerical methods. | ||
| 250 | _a1 | ||
| 260 |
_aNew Delhi _bAne Books India _c2008 |
||
| 300 | _ax,307 | ||
| 650 | _aNone | ||
| 999 |
_c189123 _d189123 |
||